Statistics for Melt My Eyez See Your Future - Denzel Curry

Click here to take the quiz!

General Stats

  • This quiz has been taken 18 times
  • The average score is 10 of 14

Answer Stats

Track #Answer% Correct
2Walkin
100%
1Melt Session #1 (featuring Robert Glasper)
89%
9X-Wing
89%
6Mental (featuring Saul Williams and Bridget Perez)
83%
12Sanjuro (featuring 454)
78%
10Angelz (featuring Karriem Riggins)
72%
8Ain't No Way (featuring 6lack, Rico Nasty, JID, Jasiah and Kitty Cash)
67%
14The Ills
67%
5The Last
67%
13Zatoichi (featuring Slowthai)
67%
4John Wayne (featuring Buzzy Lee)
61%
7Troubles (featuring T-Pain)
61%
3Worst Comes to Worst
56%
11The Smell of Death
50%

Score Distribution

Percentile by Number Answered

Percent of People with Each Score

Your Score History

You have not taken this quiz